ბათუმის შოთა რუსთაველის სახელმწიფო უნივერსიტეტის ბიბლიოთეკა

ლაოკოონი ანუ მხატვრობისა და პოეზიის საზღვრების შესახებ (ბიბ.ჩანაწერი № 51900)

000 -LEADER
fixed length control field 01089nam a2200241Ia 4500
001 - CONTROL NUMBER
control field 18900
003 - CONTROL NUMBER IDENTIFIER
control field GE_BSU
008 - FIXED-LENGTH DATA ELEMENTS--GENERAL INFORMATION
fixed length control field 181216s||||||||xx |||||||||||||| ||und||
040 ## - CATALOGING SOURCE
Transcribing agency GE_BSU
080 ## - UNIVERSAL DECIMAL CLASSIFICATION NUMBER
Universal Decimal Classification number 7
100 ## - MAIN ENTRY--PERSONAL NAME
Personal name ლესინგი, გოტჰოლდ ეფრაიმ
245 ## - TITLE STATEMENT
Title ლაოკოონი ანუ მხატვრობისა და პოეზიის საზღვრების შესახებ
245 ## - TITLE STATEMENT
Statement of responsibility, etc. გერმ.თარგმნ.,ნარკვევი და კომენტ. დაურთო აკაკი გელოვანმა. მხატვ. ჯიბო ყავლაშვილი
260 ## - PUBLICATION, DISTRIBUTION, ETC.
Place of publication, distribution, etc. თბილისი
260 ## - PUBLICATION, DISTRIBUTION, ETC.
Name of publisher, distributor, etc. ხელოვნება
260 ## - PUBLICATION, DISTRIBUTION, ETC.
Date of publication, distribution, etc. 1986
300 ## - PHYSICAL DESCRIPTION
Extent 221გვ.
653 ## - INDEX TERM--UNCONTROLLED
Uncontrolled term ლაოკოონი ანუ მხატვრობისა და პოეზიის საზღვრების შესახებ
653 ## - INDEX TERM--UNCONTROLLED
Uncontrolled term ქსეროქსი
653 ## - INDEX TERM--UNCONTROLLED
Uncontrolled term ხელოვნება
942 ## - ADDED ENTRY ELEMENTS (KOHA)
Koha item type წიგნი
ეგზემპლარები
Withdrawn status Lost status Damaged status Not for loan Date acquired Barcode Date last seen Price effective from Koha item type Public note
        2018-12-17 00368 ქსეროქსი 2018-12-17 2018-12-17 წიგნი ქსეროქსი